=LDR 00000nam 2200000 4500 =001 NUTBA000000000000992 =005 20210506124355 =035 ##$$a 0010-041400000000262 =008 210506################g##########0#ind## =020 ##$$a 978-602-8300-79-7 =082 ##$$a 339.501 =100 ##$$a Ahmad Erani Yustika =245 1#$$a Ekonomi Politik : $b Kajian teoretis dan analisis empiris /$c Ahmad Erani Yustika, Ph.D =250 ##$$a cet.2 =260 ##$$a Yogyakarta :$b Pustaka Pelajar,$c 2011 =300 ##$$a xxii, 372 hlm. : $b ilus. ; $c 21 x 14 cm. =440 ##$$a KAJIAN TEORETIS DAN ANALISIS EMPIRIS =084 ##$$a 339.501 AHM e =650 #4$$a Ekonomi =990 ##$$a 21305262 =990 ##$$a 21305263 =990 ##$$a 21305261 =990 ##$$a 21305259 =990 ##$$a 21305260